ბათუმის შოთა რუსთაველის სახელმწიფო უნივერსიტეტის ბიბლიოთეკა

Medical Management of Vulnerable and Underserved Patients: (ბიბ.ჩანაწერი № 61661)

000 -LEADER
fixed length control field 00844nam a22002057a 4500
005 - DATE AND TIME OF LATEST TRANSACTION
control field 20240411155921.0
008 - FIXED-LENGTH DATA ELEMENTS--GENERAL INFORMATION
fixed length control field 240411s2007 enk||||| |||| 00| 0 eng d
020 ## - INTERNATIONAL STANDARD BOOK NUMBER
International Standard Book Number 9780071443319x
041 ## - LANGUAGE CODE
Language code of text/sound track or separate title eng
080 ## - UNIVERSAL DECIMAL CLASSIFICATION NUMBER
Universal Decimal Classification number 614.2+005 K-46
100 ## - MAIN ENTRY--PERSONAL NAME
Personal name King, Talmadge E.
9 (RLIN) 21769
245 ## - TITLE STATEMENT
Title Medical Management of Vulnerable and Underserved Patients:
Remainder of title Principles, Practice, and Populations /
Statement of responsibility, etc. Talmadge E. King, Margaret B. Wheeler.
264 ## - PRODUCTION, PUBLICATION, DISTRIBUTION, MANUFACTURE, AND COPYRIGHT NOTICE
Place of production, publication, distribution, manufacture New York:
Name of producer, publisher, distributor, manufacturer McGraw-Hill,
Date of production, publication, distribution, manufacture, or copyright notice 2007.
300 ## - PHYSICAL DESCRIPTION
Extent 454 p. ;
Other physical details 28 cm.
653 ## - INDEX TERM--UNCONTROLLED
keyword მოწყვლადი პაციენტები
653 ## - INDEX TERM--UNCONTROLLED
keyword არასრულწლოვანი პაციენტები
653 ## - INDEX TERM--UNCONTROLLED
keyword სამედიცინო მენეჯმენტი
700 ## - ADDED ENTRY--PERSONAL NAME
Personal name Wheeler, Margaret B.
Relator term ავტორი
9 (RLIN) 21770
942 ## - ADDED ENTRY ELEMENTS (KOHA)
Source of classification or shelving scheme
Koha item type წიგნი
ეგზემპლარები
Withdrawn status Lost status Source of classification or shelving scheme Damaged status Not for loan Permanent Location Current Location Shelving location Date acquired Cost, normal purchase price Full call number Barcode Date last seen Copy number Price effective from Koha item type Public note
          ბათუმის შოთა რუსთაველის სახელმწიფო უნივერსიტეტის მთავარი ბიბლიოთეკა ბათუმის შოთა რუსთაველის სახელმწიფო უნივერსიტეტის მთავარი ბიბლიოთეკა წიგნსაცავი 2024-04-11 79.00 614.2+005 K-46 67800 2024-04-11 67800 2024-04-11 წიგნი 79 ლ.